| 000 | 00862nas a2200265 4500 | ||
|---|---|---|---|
| 001 | BR8106238 | ||
| 003 | BR-BrBNA | ||
| 005 | 20231205084848.0 | ||
| 007 | ta | ||
| 008 | 230509b bl.|||p| |||| 00| 00por d | ||
| 040 |
_aBR-BrBNA _bpor _cBiblioteca Nacional de Agricultura |
||
| 041 | _a(Pt) | ||
| 072 | _aP10 | ||
| 100 | 1 | _aBorges, M.C. de A. | |
| 245 | 1 | _aSubsidios aos estudos de transposicao de vazoes dos rios Tocantins e Sao Francisco para o nordeste [Brasil] | |
| 650 | _aBACIA HIDROGRAFICA | ||
| 650 | _aRECURSO HIDRICO | ||
| 650 | _aAGUA | ||
| 650 | _aAGUAS SUBTERRANEAS | ||
| 650 | _aSOLO | ||
| 650 | _aREGIAO NORDESTE | ||
| 773 | 0 |
_tBoletim Tecnico - Departamento Nacional de Obras Contra as Secas (Brazil) _xISSN 0374-6658 _g(Jul 1981), v. 39(2) p. 127-144 _wBR8106238 |
|
| 909 |
_a202311 _bLúcia _c55 _dLúcia Elande |
||
| 942 |
_2AGRIS _n0 _cANA |
||
| 999 |
_c107753 _d107753 |
||